Statistics for European Capitals

Click here to take the quiz!

General Stats

  • This quiz has been taken 6 times
  • The average score is 29 of 43

Answers on the Map

Answers color-coded by a green-red scale on the quiz's map according to % correct below.
 

Answer Stats

Answer% Correct
Copenhagen
100%
Paris
100%
Amsterdam
83%
Andorra
83%
Berlin
83%
Bucharest
83%
Kiev
83%
Lisbon
83%
London
83%
Madrid
83%
Moscow
83%
Sofia
83%
Stockholm
83%
Athens
67%
Belgrade
67%
Bern
67%
Bratislava
67%
Brussels
67%
Budapest
67%
Chisinău
67%
Ljubljana
67%
Luxembourg
67%
Minsk
67%
Podgorica
67%
Prague
67%
Pristina
67%
Reykjavik
67%
Riga
67%
Rome
67%
San Marino
67%
Sarajevo
67%
Skopje
67%
Vienna
67%
Vilnius
67%
Warsaw
67%
Zagreb
67%
Oslo
50%
Tallinn
50%
Tirana
50%
Vatican City
50%
Liechtenstein
33%
Malta
17%
Nicosia
0%

Score Distribution

Percentile by Number Answered

Percent of People with Each Score

Your Score History

You have not taken this quiz